000 00311nam a22001337a 4500
008 170324b xxu||||| |||| 00| 0 eng d
020 _a44638
041 _aeng
080 _a615.83
100 _a8
101 _aSHM
245 _aTOWARD A NEW CURRICULUM IN PHYSICAL EDUCATION
_cMACKENZIE, M.M
942 _2udc
_cBK
999 _c8618
_d8618